Reinforced concrete structures (Record no. 11959)

000 -LEADER
fixed length control field 00572nam a2200217 a 4500
001 - CONTROL NUMBER
control field 11959
003 - CONTROL NUMBER IDENTIFIER
control field BD-DhUET
008 - FIXED-LENGTH DATA ELEMENTS--GENERAL INFORMATION
fixed length control field 741112s1975 nyua b 001 0 eng
020 ## - INTERNATIONAL STANDARD BOOK NUMBER
International Standard Book Number 0471659177
040 ## - CATALOGING SOURCE
Original cataloging agency DLC
Transcribing agency DLC
Modifying agency BD-DhUET
082 00 - DEWEY DECIMAL CLASSIFICATION NUMBER
Classification number 624.183
Item number PAR/1975
100 1# - MAIN ENTRY--PERSONAL NAME
Personal name Park, R.
245 10 - TITLE STATEMENT
Title Reinforced concrete structures
250 ## - EDITION STATEMENT
Edition statement 1st ed.
260 ## - PUBLICATION, DISTRIBUTION, ETC. (IMPRINT)
Place of publication, distribution, etc. New York
Name of publisher, distributor, etc. John Wiley & sons
Date of publication, distribution, etc. 1975
300 ## - PHYSICAL DESCRIPTION
Extent xvii, 769 p.
Other physical details ill.
Dimensions 24 cm.
504 ## - BIBLIOGRAPHY, ETC. NOTE
Bibliography, etc Includes bibliographies
650 #0 - SUBJECT ADDED ENTRY--TOPICAL TERM
Topical term or geographic name as entry element Reinforced concrete construction
700 ## - ADDED ENTRY--PERSONAL NAME
Personal name Paulay, T.
942 ## - ADDED ENTRY ELEMENTS (KOHA)
Koha item type General Book
Holdings
Withdrawn status Koha full call number Source of classification or shelving scheme Piece designation (barcode) Lost status Not for loan Koha date last seen Shelving location Sublocation or collection (holding branch) Price effective from Koha normalized classification for sorting Date acquired Location (home branch) Copy number Damaged status Koha item type
 624.183/PAR/1975 45222  2015-02-22Circulation sectionCentral Library, BUET2015-02-22624_183000000000000_PAR_19752015-02-22Central Library, BUET1 General Book
 624.183/PAR/1975 53443  2015-05-05Circulation sectionCentral Library, BUET2015-05-05624_183000000000000_PAR_19752015-05-05Central Library, BUET2 General Book
 624.183/PAR/1975 53440  2015-05-06Circulation sectionCentral Library, BUET2015-05-06624_183000000000000_PAR_19752015-05-06Central Library, BUET3 General Book
 624.183/PAR/1975 45221  2015-05-07Circulation sectionCentral Library, BUET2015-05-07624_183000000000000_PAR_19752015-05-07Central Library, BUET4 General Book
 624.183/PAR/1975 51135  2015-05-07Circulation sectionCentral Library, BUET2015-05-07624_183000000000000_PAR_19752015-05-07Central Library, BUET5 General Book
 624.183/PAR/1975 44970  2015-06-25Reading sectionCentral Library, BUET2015-06-25624_183000000000000_PAR_19752015-06-25Central Library, BUET6 General Book
 624.183 PAR/1975 53439  2024-06-30Cataloging sectionCentral Library, BUET2024-06-30624_183000000000000_PAR_19751982-06-16Central Library, BUET7 General Book